01342nam a2200325 a 450000100100000000500170001000800410002702000150006804000250008304100380010808200190014610000240016524000430018924502100023226000340044230000350047649000320051153400530054365000330059665000440062970000320067370000340070570000310073971000340077071100300080483000390083404900090087395201170088299900170099900002351620200930022256.0101210s1988 sp ab r 000 | spa d a848535186x aDO-SdBNPbspacBNPHU aenghspa2Código de idioma MARC a155.9042bK61s1 aKirsta, Alix94846510aThe book of stress survivallespañol10aSuperar el estrés :bcómo relajarse y vivir positivamente /cAlix Kirsta; edicción de Phil Wilkinson; ilustración de Eugene Fleury, Andrew MacDonald, Joe Robinson; traducción de Graciela de Luis. aBarcelona :bIntegral,c1988. a192 p. :bil., retrs ;c24 cm.1 aLos libros de Integral,v13 aTítulo original :tThe book of stress survival 4aEstrés (psicología)9464 4aEstrés (psicología)xTerapia9484661 aWilkinson, Phileed.9484671 aLuis, Graciela deetr.9484681 aFleury, Eugeneeil.9484692 aMacDonald, Andreweil.9484702 aRobinson, Joeeil.948471 0aLos libros de Integral,v13948472 aBNGR 001050718MOaGRbGRcCTd2010-12-10iLF1l0o155.9042 K61sp23516-10r2020-06-25w2020-06-25y1ZNo se presta c23012d23012